<?xml version="1.0" encoding="UTF-8"?>
<record
    xmlns:xsi="http://www.w3.org/2001/XMLSchema-instance"
    xsi:schemaLocation="http://www.loc.gov/MARC21/slim http://www.loc.gov/standards/marcxml/schema/MARC21slim.xsd"
    xmlns="http://www.loc.gov/MARC21/slim">

  <leader>01431nam a2200241 a 4500</leader>
  <controlfield tag="001">000020204</controlfield>
  <controlfield tag="005">20200929170319.0</controlfield>
  <controlfield tag="008">100727s2004    cu            001 u spa d</controlfield>
  <datafield tag="020" ind1=" " ind2=" ">
    <subfield code="a">9592096007</subfield>
  </datafield>
  <datafield tag="040" ind1=" " ind2=" ">
    <subfield code="a">DO-SdBNP</subfield>
    <subfield code="b">spa</subfield>
    <subfield code="c">BNPHU</subfield>
  </datafield>
  <datafield tag="082" ind1=" " ind2=" ">
    <subfield code="a">808.53</subfield>
    <subfield code="b">U47j</subfield>
  </datafield>
  <datafield tag="245" ind1="0" ind2="0">
    <subfield code="a">&#xDA;ltimo jueves :</subfield>
    <subfield code="b">los debates de Temas.</subfield>
  </datafield>
  <datafield tag="260" ind1=" " ind2=" ">
    <subfield code="a">La Habana, Cuba :</subfield>
    <subfield code="b">Uni&#xF3;n,</subfield>
    <subfield code="c">2004.</subfield>
  </datafield>
  <datafield tag="300" ind1=" " ind2=" ">
    <subfield code="a">310 p. ;</subfield>
    <subfield code="c">22 cm.</subfield>
  </datafield>
  <datafield tag="504" ind1=" " ind2=" ">
    <subfield code="a">Incluye bibliograf&#xED;a y notas al pie de p&#xE1;ginas.</subfield>
  </datafield>
  <datafield tag="505" ind1="0" ind2=" ">
    <subfield code="t">Hacia una cultura del debate /</subfield>
    <subfield code="r">Rafael Hern&#xE1;ndez --</subfield>
    <subfield code="t">"Con todos y para el bien de todos", la idea de Rep&#xFA;blica en Jos&#xE9; Mart&#xED; --</subfield>
    <subfield code="t">Identidad, conflictos raciales y discriminaci&#xF3;n en la Rep&#xFA;blica --</subfield>
    <subfield code="t">Nicol&#xE1;s Guill&#xE9;n, aqu&#xED; y ahora --</subfield>
    <subfield code="t">&#xBF;Qu&#xE9; significa ser marginal? --</subfield>
    <subfield code="t">Las ideas de la libertad, igualdad y democracia en el pensamiento contempor&#xE1;neo --</subfield>
    <subfield code="t">Con los pobres de la tierra --</subfield>
    <subfield code="t">&#xBF;C&#xF3;mo se forma un ciudadano? --</subfield>
    <subfield code="t">Ciencia y cultura: comprensi&#xF3;n de la complejidad --</subfield>
    <subfield code="t">&#xBF;Por qu&#xE9; emigran los cubanos? --</subfield>
    <subfield code="t">Islas bajo el sol. Sociedad, cultura y turismo --</subfield>
    <subfield code="t">El habla popular y las normas sociales --</subfield>
    <subfield code="t">&#xBF;Creer en qu&#xE9;? Problemas de la conciencia religiosa y de sus manifestaciones.</subfield>
  </datafield>
  <datafield tag="650" ind1=" " ind2="4">
    <subfield code="a">Debates</subfield>
    <subfield code="9">39876</subfield>
  </datafield>
  <datafield tag="650" ind1=" " ind2="4">
    <subfield code="a">Pol&#xED;tica y cultura</subfield>
    <subfield code="9">8455</subfield>
  </datafield>
  <datafield tag="650" ind1=" " ind2="4">
    <subfield code="a">Cultura popular</subfield>
    <subfield code="z">Cuba</subfield>
    <subfield code="9">42797</subfield>
  </datafield>
  <datafield tag="651" ind1=" " ind2="4">
    <subfield code="a">Cuba</subfield>
    <subfield code="x">Condiciones Sociales</subfield>
    <subfield code="x">Ensayos, Conferencias, Etc.</subfield>
    <subfield code="9">42798</subfield>
  </datafield>
  <datafield tag="910" ind1=" " ind2=" ">
    <subfield code="a">Validado. Control de calidad EMS</subfield>
  </datafield>
  <datafield tag="049" ind1=" " ind2=" ">
    <subfield code="a">BNPD</subfield>
  </datafield>
  <datafield tag="952" ind1=" " ind2=" ">
    <subfield code="0">0</subfield>
    <subfield code="1">0</subfield>
    <subfield code="5">0</subfield>
    <subfield code="7">1</subfield>
    <subfield code="8">MO</subfield>
    <subfield code="a">GR</subfield>
    <subfield code="b">GR</subfield>
    <subfield code="c">HD</subfield>
    <subfield code="d">2010-07-27</subfield>
    <subfield code="i">LF1</subfield>
    <subfield code="l">0</subfield>
    <subfield code="o">808.53 U47j</subfield>
    <subfield code="p">20204-10</subfield>
    <subfield code="r">2020-06-25</subfield>
    <subfield code="w">2020-06-25</subfield>
    <subfield code="y">1</subfield>
    <subfield code="Z">No se presta</subfield>
  </datafield>
  <datafield tag="999" ind1=" " ind2=" ">
    <subfield code="c">19711</subfield>
    <subfield code="d">19711</subfield>
  </datafield>
</record>
